[Event "Vitoria Cup"]
[Site "Vitoria"]
[Date "2013.06.01"]
[Round "5"]
[White "Torrezani, Eduardo de Moraes"]
[Black "Goncalves, Jose Antonio Silvei"]
[Result "1/2-1/2"]
[WhiteElo "2000"]
[BlackElo "1890"]
[PlyCount "113"]
[EventDate "2013.05.30"]
[EventType "swiss"]
[EventRounds "7"]
[EventCountry "BRA"]
[SourceTitle "CBM 154 Extra"]
[Source "ChessBase"]
[SourceDate "2013.06.25"]
[SourceVersion "2"]
[SourceVersionDate "2013.06.25"]
[SourceQuality "1"]

1. d4 Nf6 2. c4 g6 3. Nc3 Bg7 4. e4 d6 5. f3 0-0 6. Be3 Nc6 7. Qd2 a6 8. Nge2 Rb8 9. Nc1 e5 10. d5 Nd4 11. Nb3 Nxb3 12. axb3 c5 13. Bd3 Ne8 14. h4 f5 15. h5 f4 16. Bf2 g5 17. 0-0-0 h6 18. Rdg1 Bd7 19. g3 b5 20. cxb5 axb5 21. Bf1 Nc7 22. Bh3 b4 23. Nb1 Nb5 24. Bxd7 Qxd7 25. g4 Qa7 26. Kc2 Rfc8 27. Qe2 Qa2 28. Qc4 Nd4+ 29. Kd3 Qxb2 30. Nd2 Qc3+ 31. Qxc3 bxc3 32. Kxc3 Ne2+ 33. Kc2 Nxg1 34. Rxg1 Ra8 35. Rb1 Ra2+ 36. Rb2 Rca8 37. Nc4 Bf8 38. Be1 Ra1 39. Rb1 R8a2+ 40. Nb2 Rxb1 41. Kxb1 Ra3 42. Kc2 Kf7 43. Bd2 Ra1 44. Bc1 Ra2 45. Kb1 Ra3 46. Kc2 Ra2 47. Kb1 Ra6 48. Nc4 Ke8 49. Bd2 Be7 50. Kb2 Bd8 51. Bc3 Kd7 52. Bd2 Bc7 53. Bc3 Ra8 54. Bd2 Kc8 55. Bc3 Kb7 56. Bd2 Ra6 57. Bc3 1/2-1/2

[Event "Vitoria Cup"]
[Site "Vitoria"]
[Date "2013.05.30"]
[Round "2"]
[White "Cardoso, Josielton Oliveira"]
[Black "Goncalves, Jose Antonio Silvei"]
[Result "0-1"]
[WhiteElo "1800"]
[BlackElo "1890"]
[PlyCount "72"]
[EventDate "2013.05.30"]
[EventType "swiss"]
[EventRounds "7"]
[EventCountry "BRA"]
[SourceTitle "CBM 154 Extra"]
[Source "ChessBase"]
[SourceDate "2013.06.25"]
[SourceVersion "2"]
[SourceVersionDate "2013.06.25"]
[SourceQuality "1"]

1. e4 e5 2. Nf3 Nc6 3. Bb5 a6 4. Bxc6 dxc6 5. 0-0 Bg4 6. d3 Qf6 7. Nbd2 Bd6 8. h3 Bh5 9. g4 Bg6 10. d4 h5 11. g5 Qe6 12. dxe5 Bxe5 13. Nxe5 Qxe5 14. Nf3 Qe6 15. Kg2 Rd8 16. Qe2 Bf5 17. Rh1 Bxe4 18. Bf4 Bxf3+ 19. Qxf3 Qd5 20. Rhe1+ Ne7 21. Re4 f5 22. gxf6 gxf6 23. Rae1 Rd7 24. c4 Rg8+ 25. Kh2 Qf7 26. Bg3 Kd8 27. Bh4 Rg6 28. Re6 Kc8 29. Qe4 f5 30. Rxe7 fxe4 31. Rxf7 Rxf7 32. Rxe4 Rd7 33. c5 b6 34. b4 Rgg7 35. Bg3 Rg5 36. cxb6 cxb6 0-1

[Event "Reg Gillman mem-A corr"]
[Site "England"]
[Date "1999.12.01"]
[Round "?"]
[White "D'Adamo, Ettore"]
[Black "Goncalves, Jose Antonio Silvei"]
[Result "1-0"]
[WhiteElo "2511"]
[BlackElo "2570"]
[PlyCount "103"]
[EventDate "1999.12.01"]
[EventType "tourn (corr)"]
[EventRounds "13"]
[EventCountry "ENG"]
[EventCategory "12"]
[SourceTitle "Corr 2006"]
[Source "ChessBase"]
[SourceDate "2006.04.01"]
[SourceVersion "3"]
[SourceVersionDate "2006.04.01"]
[SourceQuality "1"]

1. e4 c5 2. Nf3 d6 3. d4 cxd4 4. Nxd4 Nf6 5. Nc3 g6 6. Be3 Bg7 7. f3 0-0 8. Qd2 Nc6 9. Bc4 Bd7 10. 0-0-0 Rc8 11. Bb3 Ne5 12. Kb1 a5 13. a4 Nc4 14. Bxc4 Rxc4 15. b3 Rc8 16. g4 h5 17. h3 Kh7 18. Ndb5 Be6 19. Bd4 Rg8 20. f4 Qe8 21. f5 Bd7 22. fxg6+ fxg6 23. Na7 Bh6 24. Qd3 Rd8 25. Rdg1 Bg7 26. g5 Nxe4 27. Qxe4 Bf5 28. Qe3 e5 29. Bb6 Qe6 30. Kc1 Rd7 31. Bxa5 d5 32. Qb6 Bxh3 33. Qxe6 Bxe6 34. Bb4 e4 35. Nab5 Rc8 36. Rh4 Kg8 37. Ne2 Bg4 38. Ned4 Re8 39. Be1 e3 40. Bg3 Re4 41. c3 Be5 42. Bxe5 Rxe5 43. Re1 Rf7 44. Nc2 Rf3 45. a5 Kf8 46. Rhh1 Kg8 47. Nbd4 Rg3 48. Reg1 Rxg1+ 49. Rxg1 Kf7 50. Rg3 e2 51. Kd2 Rxg5 52. Nf3 1-0

[Event "Reg Gillman mem-A corr"]
[Site "England"]
[Date "1999.12.01"]
[Round "?"]
[White "Goncalves, Jose Antonio Silvei"]
[Black "Soderberg, Per"]
[Result "1/2-1/2"]
[WhiteElo "2570"]
[BlackElo "2454"]
[PlyCount "47"]
[EventDate "1999.12.01"]
[EventType "tourn (corr)"]
[EventRounds "13"]
[EventCountry "ENG"]
[EventCategory "12"]
[SourceTitle "Corr 2006"]
[Source "ChessBase"]
[SourceDate "2006.04.01"]
[SourceVersion "3"]
[SourceVersionDate "2006.04.01"]
[SourceQuality "1"]

1. d4 d5 2. c4 c6 3. Nf3 Nf6 4. Nc3 dxc4 5. a4 Bf5 6. e3 e6 7. Bxc4 Bb4 8. 0-0 Nbd7 9. Qb3 a5 10. Na2 Be7 11. Nh4 Be4 12. Nc3 Nb6 13. Be2 0-0 14. Nxe4 Nxe4 15. Nf3 Nd5 16. Qxb7 Nb4 17. Ne5 Rc8 18. f4 Rc7 19. Qb6 c5 20. Bf3 cxd4 21. Qxb4 Nc5 22. Bd1 Bf6 23. Ng4 Be7 24. Ne5 1/2-1/2